| 000 | 00000nas 2200000za 4500 |
| 001 | 9.846575 |
| 003 | CaOODSP |
| 005 | 20221107153233 |
| 007 | cr ||||||||||| |
| 008 | 171103d19911992oncar p oss f0###a0eng|d |
| 040 | |aCaOODSP|beng |
| 043 | |an-cn--- |
| 086 | 1 |aCS68-510E-PDF |
| 245 | 00|aCompendium of public sector statistics |h[electronic resource] / |cPublic Institutions Division. |
| 260 | |a[Ottawa] : |bStatistics Canada, |c[1991]-1992. |
| 310 | |aAnnual |
| 362 | 0 |a[1991]-1992. |
| 500 | |aIssued also in French under title: Recueil des statistiques du secteur publique. |
| 500 | |aDigitized edition from print [produced by Statistics Canada]. |
| 520 | |aThis compendium is designed to serve as an integral part of the Public Institutions Division's Data Dissemination Program which also includes annual publications, in-house off-the-shelf products as well as special tabulations and electronic products. It is designed to provide the user with an overview of PID's statistical offerings. |
| 550 | |aIssued 1992 by Public Institution Division, System of National Accounts. |
| 692 | 07|2gccst|aPublic sector |
| 692 | 07|2gccst|aStatistics |
| 710 | 1 |aCanada.|bStatistics Canada. |bPublic Institutions Division. |
| 710 | 1 |aCanada.|bStatistics Canada.|bSystem of National Accounts Branch. |
| 775 | 08|tRecueil des statistiques du secteur publique |w(CaOODSP)9.846578 |